000 00425nam a22001577a 4500
003 OSt
005 20260113150523.0
008 260113b |||||||| |||| 00| 0 eng d
020 _a8121939712
082 _a621.47
_bRAJ/NO
100 _aRajput,R.K
245 _aNon -Conventional Energy Sources and Utilisation (Energy Engineering)
260 _aNew Delhi
_bS. Chand and Company Pvt Ltd
_c2014
300 _a432
942 _cBK
999 _c14297
_d14297